[Event "16th EUR-ch"]
[Site "Jerusalem ISR"]
[Date "2015.02.24"]
[Round "1"]
[White "Kogan, Artur"]
[Black "Adar, Idan"]
[Result "1-0"]
[WhiteElo "2555"]
[BlackElo "1912"]
[EventDate "2015.02.24"]
[PlyCount "71"]

1.e4 c5 2.b3 e6 3.Bb2 Nc6 4.Nf3 Nf6 5.e5 Nd5 6.Bc4 Nc7 7.Nc3 Be7 8.h4 Rb8 
9.a4 a6 10.Ne4 b5 11.axb5 Nxb5 12.Rh3 Bb7 13.Rg3 Ncd4 14.Nxd4 Bxe4 15.Nf3 
Bg6 16.Rxa6 Nc7 17.Ra7 Ra8 18.Rxa8 Qxa8 19.Kf1 Nd5 20.Kg1 Nb6 21.Be2 Qa2 
22.Qc1 O-O 23.Rg4 Bf5 24.Rf4 Ra8 25.g4 Nd5 26.Rc4 Nb6 27.gxf5 Nxc4 28.Bxc4
exf5 29.d4 cxd4 30.Nxd4 g6 31.h5 Bf8 32.hxg6 hxg6 33.Qg5 Qxb2 34.Qxg6+ Kh8
35.Qh5+ Kg7 36.Nxf5+ 1-0

[Event "16th EUR-ch"]
[Site "Jerusalem ISR"]
[Date "2015.02.24"]
[Round "1"]
[White "Landa, Alex"]
[Black "Oparin, Grigoriy"]
[Result "0-1"]
[WhiteElo "1905"]
[BlackElo "2551"]
[EventDate "2015.02.24"]
[PlyCount "120"]

1.d4 Nf6 2.c4 e6 3.Nf3 Bb4+ 4.Bd2 a5 5.Qc2 d6 6.Nc3 Nbd7 7.g3 e5 8.Bg2 
exd4 9.Nxd4 O-O 10.O-O Re8 11.Rad1 Ne5 12.b3 c6 13.h3 Bd7 14.Be3 Bc5 15.
Bg5 h6 16.Bxf6 Qxf6 17.Ne4 Qe7 18.Nxc5 dxc5 19.Nf5 Bxf5 20.Qxf5 Rad8 21.
Qc2 h5 22.Qe4 Qf6 23.Qf4 Qxf4 24.gxf4 Ng6 25.e3 Nh4 26.Bh1 Kf8 27.Kh2 Ke7 
28.Kg3 Nf5+ 29.Kf3 a4 30.Ke2 h4 31.Bf3 g6 32.bxa4 Rxd1 33.Rxd1 Nd6 34.Rb1 
Kd7 35.Kd3 Kc7 36.e4 Ra8 37.Bd1 Rd8 38.Bb3 Nf5+ 39.Ke2 Re8 40.Kf3 Nd4+ 41.
Ke3 Kb6 42.Bd1+ Ka6 43.Rb2 b6 44.Kd3 Ka5 45.Rd2 Re7 46.f3 Re8 47.e5 Rd8 
48.Ke4 Kb4 49.Rb2+ Kc3 50.Rxb6 f5+ 51.Ke3 Kxc4 52.Be2+ Kd5 53.a5 c4 54.Bd1
Ra8 55.a6 Kc5 56.Rb2 c3 57.Rg2 Rxa6 58.Kd3 c2 59.Bxc2 Rxa2 60.Rd2 Ra3+ 0-1

[Event "16th EUR-ch"]
[Site "Jerusalem ISR"]
[Date "2015.02.24"]
[Round "1"]
[White "Indjic, Aleksandar"]
[Black "Shohat, Yotam"]
[Result "1-0"]
[WhiteElo "2546"]
[BlackElo "1903"]
[EventDate "2015.02.24"]
[PlyCount "75"]

1.d4 Nf6 2.Nf3 g6 3.g3 Bg7 4.Bg2 O-O 5.O-O d6 6.Nc3 Nbd7 7.e4 e5 8.h3 exd4
9.Nxd4 Re8 10.Re1 Nc5 11.a4 a5 12.Bf4 Nh5 13.Be3 Nf6 14.f3 Bd7 15.Qd2 Ra6 
16.b3 Ra8 17.Rad1 Bc8 18.Ndb5 b6 19.Bxc5 bxc5 20.e5 Nh5 21.g4 Bxe5 22.gxh5
Bb7 23.f4 Bxg2 24.Kxg2 Bf6 25.Rxe8+ Qxe8 26.Re1 Qd7 27.Nd5 Bh4 28.Nbxc7 
Rc8 29.Nb5 Bxe1 30.Qxe1 Qc6 31.Qe4 Kg7 32.Na7 Re8 33.Nxc6 Rxe4 34.Kf3 f5 
35.hxg6 hxg6 36.Nxa5 Kh6 37.Nc6 Kh5 38.a5 1-0

[Event "16th EUR-ch"]
[Site "Jerusalem ISR"]
[Date "2015.02.24"]
[Round "1"]
[White "Sassoon, Roei"]
[Black "Babula, Vlastimil"]
[Result "0-1"]
[WhiteElo "1896"]
[BlackElo "2545"]
[EventDate "2015.02.24"]
[PlyCount "70"]

1.e4 c5 2.Nc3 Nc6 3.f4 g6 4.Nf3 Bg7 5.Bc4 e6 6.O-O Nge7 7.d3 d5 8.Bb3 a6 
9.Qe1 Nd4 10.Nxd4 cxd4 11.Ne2 dxe4 12.dxe4 O-O 13.Qf2 Nc6 14.Rd1 e5 15.
fxe5 Bg4 16.Bd5 Nb4 17.Bf4 Nxd5 18.exd5 Qxd5 19.Rxd4 Qb5 20.Ng3 Qxb2 21.
Re1 Rad8 22.Rxd8 Rxd8 23.Bg5 Rc8 24.Ne4 Rxc2 25.Nf6+ Bxf6 26.exf6 h6 27.
Qg3 hxg5 28.Qxg4 Qb6+ 29.Kh1 Qxf6 30.Qh3 Kg7 31.g4 Rxa2 32.Rf1 Ra1 33.Rxa1
Qxa1+ 34.Kg2 Qb2+ 35.Kf1 a5 0-1

[Event "16th EUR-ch"]
[Site "Jerusalem ISR"]
[Date "2015.02.24"]
[Round "1"]
[White "Boruchovsky, Avital"]
[Black "Altshul, Limor"]
[Result "1-0"]
[WhiteElo "2536"]
[BlackElo "1887"]
[EventDate "2015.02.24"]
[PlyCount "31"]

1.e4 c5 2.c3 Nf6 3.e5 Nd5 4.Nf3 Nc6 5.Bc4 Nb6 6.Bb3 d5 7.exd6 Qxd6 8.O-O 
g6 9.d4 cxd4 10.Ng5 Nd8 11.cxd4 Bg7 12.Nc3 O-O 13.Be3 Nc6 14.Nce4 Qd8 15.
Qf3 Nd5 16.Bxd5 1-0

[Event "16th EUR-ch"]
[Site "Jerusalem ISR"]
[Date "2015.02.24"]
[Round "1"]
[White "Kovalev, Vladislav"]
[Black "Freiman, Mark"]
[Result "1-0"]
[WhiteElo "2531"]
[BlackElo "1873"]
[EventDate "2015.02.24"]
[PlyCount "69"]

1.e4 e6 2.d4 d5 3.Nd2 Nf6 4.e5 Nfd7 5.Bd3 c5 6.c3 Nc6 7.Ne2 Qb6 8.Nf3 cxd4
9.cxd4 Bb4+ 10.Bd2 Bxd2+ 11.Qxd2 Qb4 12.a3 Qxd2+ 13.Nxd2 f6 14.f4 fxe5 15.
fxe5 O-O 16.b4 a6 17.Rc1 Nb6 18.Nf3 Bd7 19.Kd2 Rac8 20.Ke3 Ne7 21.Nd2 Rxc1
22.Rxc1 Rc8 23.Rxc8+ Bxc8 24.Nc1 g6 25.Ncb3 Na4 26.g4 Kg7 27.Nc5 Nxc5 28.
dxc5 Nc6 29.Nf3 h6 30.h4 g5 31.hxg5 hxg5 32.b5 axb5 33.Bxb5 Kg6 34.Bxc6 
bxc6 35.Nd4 1-0

[Event "16th EUR-ch"]
[Site "Jerusalem ISR"]
[Date "2015.02.24"]
[Round "1"]
[White "Zoler, Dan"]
[Black "Levin, Natan"]
[Result "1-0"]
[WhiteElo "2527"]
[BlackElo "1869"]
[EventDate "2015.02.24"]
[PlyCount "69"]

1.d4 d5 2.c4 e6 3.Nc3 Nf6 4.Bg5 Be7 5.e3 c6 6.Nf3 Nbd7 7.Qc2 Nh5 8.Bxe7 
Qxe7 9.Rd1 O-O 10.Bd3 g6 11.O-O f5 12.a3 a6 13.Ne2 Qd6 14.b4 b5 15.c5 Qc7 
16.Qb2 h6 17.Ne5 Kg7 18.f3 Nhf6 19.Nf4 Nxe5 20.dxe5 Ng8 21.g4 Qe7 22.Rd2 
Bd7 23.Rg2 Be8 24.Kh1 fxg4 25.Rxg4 Rxf4 26.Rxf4 g5 27.Rg4 Bh5 28.Rg3 Rf8 
29.f4 Qd8 30.Qg2 Ne7 31.fxg5 Rxf1+ 32.Qxf1 Ng6 33.gxh6+ Kxh6 34.Bxg6 Bxg6 
35.Qh3+ 1-0

[Event "16th EUR-ch"]
[Site "Jerusalem ISR"]
[Date "2015.02.24"]
[Round "1"]
[White "Globus, Or"]
[Black "Abasov, Nijat"]
[Result "0-1"]
[WhiteElo "1862"]
[BlackElo "2523"]
[EventDate "2015.02.24"]
[PlyCount "62"]

1.Nf3 Nf6 2.c4 e6 3.g3 d5 4.b3 c5 5.Bg2 d4 6.d3 Nc6 7.O-O Bd6 8.e4 h6 9.
Qe2 e5 10.Nh4 O-O 11.Bd2 Re8 12.Na3 a6 13.Nc2 Rb8 14.h3 b5 15.Kh2 Bd7 16.
Bh1 Nh7 17.Nf3 Nf8 18.Rg1 Ng6 19.Nh4 Nxh4 20.gxh4 Qxh4 21.Rg3 bxc4 22.Rag1
cxb3 23.Rxg7+ Kf8 24.Qf3 Qxh3+ 25.Qxh3 Bxh3 26.Kxh3 bxc2 27.Bxh6 Rb1 28.
Rxb1 cxb1=Q 29.Rg1+ Ke7 30.Rxb1 Rh8 31.Rb7+ Ke8 0-1

[Event "16th EUR-ch"]
[Site "Jerusalem ISR"]
[Date "2015.02.24"]
[Round "1"]
[White "Popilski, Gil"]
[Black "Vardi, Moshe"]
[Result "1-0"]
[WhiteElo "2517"]
[BlackElo "1850"]
[EventDate "2015.02.24"]
[PlyCount "67"]

1.e4 e5 2.Nf3 Nc6 3.Bb5 a6 4.Ba4 Bc5 5.c3 Qf6 6.O-O b5 7.Bb3 Rb8 8.d4 exd4
9.e5 Qd8 10.cxd4 Bb6 11.Bg5 Nce7 12.Nc3 h6 13.Bh4 g5 14.Bg3 Nf5 15.Nd5 c6 
16.Nxb6 Rxb6 17.d5 cxd5 18.Qxd5 Re6 19.Nd4 Nxd4 20.Qxd4 Qb6 21.Qc3 Rc6 22.
Bxf7+ Ke7 23.Qb3 Re6 24.Bxe6 dxe6 25.Rfd1 h5 26.h4 Nh6 27.hxg5 Nf5 28.g6 
Rg8 29.Bh4+ Nxh4 30.Qb4+ Ke8 31.Qxh4 Rxg6 32.Qxh5 Kf7 33.Rd3 Qb7 34.Rg3 
1-0

[Event "16th EUR-ch"]
[Site "Jerusalem ISR"]
[Date "2015.02.24"]
[Round "1"]
[White "Cohen Revivo, Shoham"]
[Black "Sivuk, Vitaly"]
[Result "0-1"]
[WhiteElo "1838"]
[BlackElo "2517"]
[EventDate "2015.02.24"]
[PlyCount "75"]

1.e4 Nf6 2.e5 Nd5 3.d4 d6 4.c4 Nb6 5.exd6 exd6 6.Nc3 Be7 7.Be3 O-O 8.Bd3 
Nc6 9.a3 Bf6 10.Nge2 Bg4 11.Qc2 g6 12.h3 Bxe2 13.Nxe2 Bg5 14.Bd2 Bxd2+ 15.
Qxd2 Qf6 16.Qc3 Rfe8 17.O-O Re7 18.b4 Na4 19.Qb3 Nxd4 20.Qxa4 Nxe2+ 21.
Bxe2 Rxe2 22.Qb5 b6 23.Qc6 Rae8 24.Qxc7 Rxf2 25.Rxf2 Qxa1+ 26.Rf1 Qd4+ 27.
Kh1 Rf8 28.Qxa7 Qxc4 29.Rd1 Qe2 30.Rd5 Qf1+ 31.Kh2 Re8 32.Rd4 Re1 33.Qb8+ 
Kg7 34.Qxd6 Qg1+ 35.Kg3 Re3+ 36.Kh4 Qxg2 37.Rc4 Qxh3+ 38.Kg5 0-1

[Event "16th EUR-ch"]
[Site "Jerusalem ISR"]
[Date "2015.02.24"]
[Round "1"]
[White "Baron, Tal"]
[Black "Rave, Avraham"]
[Result "1-0"]
[WhiteElo "2510"]
[BlackElo "1824"]
[EventDate "2015.02.24"]
[PlyCount "57"]

1.e4 e5 2.Nf3 Nc6 3.Bb5 a6 4.Ba4 Nf6 5.O-O b5 6.Bb3 Be7 7.d4 d6 8.c3 Bg4 
9.Be3 O-O 10.h3 Bh5 11.Nbd2 d5 12.g4 dxe4 13.Nxe5 Nxe5 14.dxe5 Nd7 15.gxh5
Bg5 16.Nxe4 Bxe3 17.fxe3 Qe7 18.e6 fxe6 19.Qg4 Rae8 20.h6 Nf6 21.Bxe6+ Kh8
22.hxg7+ Qxg7 23.Qxg7+ Kxg7 24.Nxf6 Rxf6 25.Rxf6 Kxf6 26.Bg4 Rxe3 27.Rf1+ 
Ke7 28.Kf2 Rd3 29.Rd1 1-0

[Event "16th EUR-ch"]
[Site "Jerusalem ISR"]
[Date "2015.02.24"]
[Round "1"]
[White "Or, Yochanan"]
[Black "Rasulov, Vugar"]
[Result "0-1"]
[WhiteElo "1822"]
[BlackElo "2508"]
[EventDate "2015.02.24"]
[PlyCount "40"]

1.e4 c5 2.Nf3 e6 3.Nc3 a6 4.d4 cxd4 5.Nxd4 b5 6.Bd3 Qb6 7.Nb3 Qc7 8.O-O 
Bb7 9.f4 d6 10.Be3 Nf6 11.Nd2 Be7 12.Kh1 Nbd7 13.Ne2 Nc5 14.Ng3 h5 15.h4 
Ng4 16.Bxc5 Qxc5 17.Qf3 Bxh4 18.f5 O-O-O 19.c4 b4 20.Nb3 Qe5 0-1

[Event "16th EUR-ch"]
[Site "Jerusalem ISR"]
[Date "2015.02.24"]
[Round "1"]
[White "Barnaure, Vlad-Victor"]
[Black "Chachashvili, Zuri"]
[Result "1-0"]
[WhiteElo "2508"]
[BlackElo "1818"]
[EventDate "2015.02.24"]
[PlyCount "79"]

1.d4 Nf6 2.Bg5 Ne4 3.Bf4 d5 4.e3 e6 5.Bd3 Nf6 6.Nf3 Be7 7.Nbd2 c5 8.c3 O-O
9.O-O Nc6 10.dxc5 Bxc5 11.e4 h6 12.h3 dxe4 13.Nxe4 Nxe4 14.Bxe4 Qe7 15.Qe2
Re8 16.Rfe1 a5 17.Rad1 Rd8 18.Qb5 Rxd1 19.Rxd1 Ra6 20.Qd3 Qf8 21.Ne5 Nxe5 
22.Bxe5 Rb6 23.b3 Ra6 24.Qb5 Qe7 25.Qxc5 Qxc5 26.Rd8+ Qf8 27.Bh7+ Kxh7 28.
Rxf8 f6 29.Bxf6 gxf6 30.Rxc8 Kg6 31.Kf1 Rd6 32.Ke2 h5 33.c4 h4 34.Rg8+ Kh5
35.Ra8 b6 36.c5 bxc5 37.Rxa5 Rd5 38.b4 Re5+ 39.Kd3 Rd5+ 40.Kc3 1-0

[Event "16th EUR-ch"]
[Site "Jerusalem ISR"]
[Date "2015.02.24"]
[Round "1"]
[White "Iliaguev, Daniel"]
[Black "Klein, David"]
[Result "0-1"]
[WhiteElo "1813"]
[BlackElo "2505"]
[EventDate "2015.02.24"]
[PlyCount "52"]

1.e4 Nf6 2.e5 Nd5 3.c4 Nb6 4.d4 d6 5.exd6 cxd6 6.Nf3 g6 7.Be2 Bg7 8.O-O 
O-O 9.Nc3 Nc6 10.h3 Bf5 11.Be3 d5 12.b3 dxc4 13.bxc4 Rc8 14.Rc1 Na5 15.c5 
Nbc4 16.Qa4 Bd7 17.Qc2 Nxe3 18.fxe3 e5 19.Rcd1 exd4 20.exd4 Nc6 21.Qb2 Rb8
22.d5 Qa5 23.Qb5 Qxc3 24.dxc6 bxc6 25.Qd3 Qxc5+ 26.Kh1 Be6 0-1

[Event "16th EUR-ch"]
[Site "Jerusalem ISR"]
[Date "2015.02.24"]
[Round "1"]
[White "Vaturi, Eden"]
[Black "Andersen, Mads"]
[Result "0-1"]
[WhiteElo "1798"]
[BlackElo "2494"]
[EventDate "2015.02.24"]
[PlyCount "74"]

1.c4 g6 2.Nc3 c5 3.g3 Bg7 4.Bg2 Nc6 5.Nf3 e6 6.d4 cxd4 7.Nb5 d5 8.Nfxd4 
Nge7 9.cxd5 exd5 10.e3 O-O 11.O-O Qb6 12.Nxc6 bxc6 13.Nc3 Rd8 14.Qc2 Qc5 
15.Re1 Rb8 16.Bd2 Bf5 17.e4 dxe4 18.Bxe4 Bxe4 19.Rxe4 Nd5 20.Be3 Qa5 21.
Rd1 Nxe3 22.Rxd8+ Rxd8 23.Rxe3 Bd4 24.Re2 c5 25.Rd2 h5 26.h4 Re8 27.Ne2 
Bf6 28.b3 Qb4 29.Kg2 Qb7+ 30.Kg1 Qf3 31.Qd1 Qf5 32.Kg2 Qe4+ 33.Kg1 g5 34.
hxg5 Bxg5 35.Rc2 Rd8 36.Qb1 Rd2 37.Nd4 Rxd4 0-1

[Event "16th EUR-ch"]
[Site "Jerusalem ISR"]
[Date "2015.02.24"]
[Round "1"]
[White "Raznikov, Danny"]
[Black "Gabizon, Eyal"]
[Result "1-0"]
[WhiteElo "2494"]
[BlackElo "1760"]
[EventDate "2015.02.24"]
[PlyCount "59"]

1.d4 Nf6 2.Nf3 g6 3.c4 Bg7 4.Nc3 O-O 5.e4 d6 6.h3 e5 7.d5 Nh5 8.Nh2 Qe8 9.
Be2 Nf4 10.Bf3 f5 11.g3 Nxh3 12.Bg2 fxe4 13.Be3 Na6 14.Nxe4 Bf5 15.Qe2 Qd7
16.f3 Rae8 17.O-O-O h5 18.Bxh3 Bxh3 19.g4 hxg4 20.Nxg4 Bxg4 21.fxg4 Rf4 
22.Bxf4 exf4 23.Qf3 Nb4 24.a3 Qa4 25.Rd2 Na2+ 26.Kb1 Qxc4 27.Re1 Re7 28.
Qd3 Nc3+ 29.bxc3 Qb3+ 30.Rb2 1-0

[Event "16th EUR-ch"]
[Site "Jerusalem ISR"]
[Date "2015.02.24"]
[Round "1"]
[White "Samarin, Leonid"]
[Black "Sadzikowski, Daniel"]
[Result "0-1"]
[WhiteElo "1748"]
[BlackElo "2492"]
[EventDate "2015.02.24"]
[PlyCount "88"]

1.e4 c5 2.Nf3 d6 3.Bb5+ Nd7 4.d4 cxd4 5.Nxd4 Nf6 6.Nc3 a6 7.Be2 e6 8.O-O 
b5 9.a3 Bb7 10.Bd3 Be7 11.Kh1 Nc5 12.f3 O-O 13.Nb3 Qc7 14.Be3 Rfd8 15.Qe2 
Rac8 16.Rac1 Ba8 17.Qf2 Qb8 18.Nxc5 dxc5 19.Na2 Nd7 20.Rfd1 a5 21.c3 Qb7 
22.Bf1 Qc6 23.Qc2 c4 24.b4 a4 25.Rd2 Ne5 26.Rcd1 Rxd2 27.Rxd2 h5 28.Nc1 h4
29.h3 Ng6 30.Ne2 e5 31.Qd1 Qe6 32.g4 hxg3 33.Nxg3 Nh4 34.Kh2 Rf8 35.Bg2 g6
36.Bh6 Re8 37.Qe2 g5 38.Qe3 Qxh6 39.Qa7 g4 40.Rd7 Nxf3+ 41.Kh1 Qh4 42.Bxf3
Qxh3+ 43.Kg1 Qxg3+ 44.Bg2 Bg5 0-1

[Event "16th EUR-ch"]
[Site "Jerusalem ISR"]
[Date "2015.02.24"]
[Round "1"]
[White "Abend, Ilay"]
[Black "Firat, Burak"]
[Result "0-1"]
[WhiteElo "1725"]
[BlackElo "2486"]
[EventDate "2015.02.24"]
[PlyCount "82"]

1.e4 c5 2.c3 Nf6 3.e5 Nd5 4.d4 cxd4 5.cxd4 d6 6.Nf3 Nc6 7.Bc4 Nb6 8.Bd3 
Bg4 9.Be3 dxe5 10.dxe5 Bxf3 11.gxf3 Nxe5 12.Bb5+ Nc6 13.Nd2 e6 14.Qc2 Rc8 
15.Nb3 Bb4+ 16.Ke2 O-O 17.Rhg1 Nd4+ 18.Nxd4 Rxc2+ 19.Nxc2 Be7 20.Bh6 Bf6 
21.Rxg7+ Bxg7 22.Rg1 Qf6 23.Bxg7 Qxg7 24.Rxg7+ Kxg7 25.Ne3 Rd8 26.f4 Nd5 
27.Ng2 Kf6 28.a3 h6 29.Kf3 Nc7 30.Bc4 b5 31.Be2 Rd2 32.Ne3 Rxb2 33.Ng4+ 
Kg7 34.Bd1 a5 35.Ne5 a4 36.Nd3 Ra2 37.Ke4 Rxa3 38.Kd4 Ra1 39.Bf3 a3 40.Kc3
Rb1 41.Nb4 Rxb4 0-1

[Event "16th EUR-ch"]
[Site "Jerusalem ISR"]
[Date "2015.02.24"]
[Round "1"]
[White "Kjartansson, Gudmundur"]
[Black "Lukin, Elisha"]
[Result "1-0"]
[WhiteElo "2484"]
[BlackElo "1721"]
[EventDate "2015.02.24"]
[PlyCount "57"]

1.c4 e5 2.g3 Nf6 3.Bg2 d5 4.cxd5 Nxd5 5.Nf3 Nc6 6.O-O Be7 7.d4 e4 8.Ne5 f5
9.Nxc6 bxc6 10.Qc2 Qd7 11.b3 O-O 12.Na3 Ba6 13.Nc4 Nb4 14.Qd2 Rfd8 15.a3 
Nd5 16.Bb2 Nb6 17.Ne5 Qd5 18.Qc2 c5 19.dxc5 Qxc5 20.Rfc1 Rd5 21.Nc6 Bd6 
22.Nb4 Qxc2 23.Rxc2 Bxb4 24.axb4 Bb5 25.Rxc7 Bxe2 26.Rxg7+ Kf8 27.Rxh7 Rc8
28.Bf1 Bd3 29.Raxa7 1-0

[Event "16th EUR-ch"]
[Site "Jerusalem ISR"]
[Date "2015.02.24"]
[Round "1"]
[White "Gottfried, Jonathan"]
[Black "Ducarmon, Quinten"]
[Result "0-1"]
[WhiteElo "1653"]
[BlackElo "2482"]
[EventDate "2015.02.24"]
[PlyCount "34"]

1.d4 d5 2.c4 c6 3.cxd5 cxd5 4.Nc3 e5 5.dxe5 d4 6.Ne4 Nc6 7.Nf3 Bf5 8.Ng3 
Be6 9.a3 Qb6 10.e3 dxe3 11.Bxe3 Qxb2 12.Rb1 Qxa3 13.Rxb7 Bb4+ 14.Bd2 Bxd2+
15.Qxd2 Qa1+ 16.Qd1 Qxd1+ 17.Kxd1 O-O-O+ 0-1

[Event "16th EUR-ch"]
[Site "Jerusalem ISR"]
[Date "2015.02.24"]
[Round "1"]
[White "Batsiashvili, Nino"]
[Black "Kochavi, Ori"]
[Result "1-0"]
[WhiteElo "2475"]
[BlackElo "1607"]
[EventDate "2015.02.24"]
[PlyCount "69"]

1.d4 d5 2.c4 c6 3.Nf3 Nf6 4.e3 Bf5 5.Nc3 e6 6.Nh4 Bg6 7.Qb3 Qc7 8.Bd2 Bd6 
9.h3 O-O 10.Nxg6 fxg6 11.Be2 Nbd7 12.Rc1 Qb8 13.cxd5 exd5 14.e4 Bf4 15.e5 
Bxd2+ 16.Kxd2 Nh5 17.Bxh5 gxh5 18.Rhf1 Nb6 19.Rce1 Qd8 20.f4 Qh4 21.Ne2 
Nc4+ 22.Kc1 a5 23.Qg3 Qe7 24.f5 Qb4 25.Qc3 Qa4 26.Kb1 Qb5 27.Ng3 Ra6 28.
Nxh5 Rb6 29.Rf2 c5 30.e6 Qe8 31.Nxg7 Kxg7 32.dxc5+ Rf6 33.cxb6 Nxb6 34.g4 
Na4 35.Qd4 1-0

[Event "16th EUR-ch"]
[Site "Jerusalem ISR"]
[Date "2015.02.24"]
[Round "1"]
[White "Yaniv, Ori"]
[Black "Givon, Asaf"]
[Result "0-1"]
[WhiteElo "1579"]
[BlackElo "2473"]
[EventDate "2015.02.24"]
[PlyCount "54"]

1.e4 c5 2.Nf3 e6 3.Nc3 a6 4.d4 cxd4 5.Nxd4 d6 6.Be2 b5 7.a3 Bb7 8.O-O Nf6 
9.Bf3 Nbd7 10.Bg5 Be7 11.Re1 Ne5 12.Bh4 O-O 13.Bg3 Rc8 14.Bxe5 dxe5 15.Nb3
Qc7 16.Re2 Nd7 17.Na2 Nb6 18.Na5 Ba8 19.b4 Rfd8 20.Qb1 g6 21.Qb3 Kg7 22.
Rae1 Bg5 23.g3 Bd2 24.Rd1 Qxc2 25.Qxc2 Rxc2 26.Kg2 Rxa2 27.Nb3 Nc4 0-1

[Event "16th EUR-ch"]
[Site "Jerusalem ISR"]
[Date "2015.02.24"]
[Round "1"]
[White "Chekhov, Sergei"]
[Black "Fainman, Tomer"]
[Result "1-0"]
[WhiteElo "2470"]
[BlackElo "1571"]
[EventDate "2015.02.24"]
[PlyCount "75"]

1.e4 c5 2.Nf3 e6 3.d4 cxd4 4.Nxd4 Nc6 5.Nc3 Nf6 6.Ndb5 Bb4 7.a3 Bxc3+ 8.
Nxc3 d5 9.exd5 exd5 10.Bd3 h6 11.O-O O-O 12.Bf4 a6 13.Re1 d4 14.Ne2 Bg4 
15.Qd2 Bxe2 16.Rxe2 h5 17.Rae1 Nh7 18.Be4 Qd7 19.Bxc6 bxc6 20.Re7 Qf5 21.
R7e5 Qg6 22.Qxd4 Qxc2 23.Rxh5 Nf6 24.Rc5 Rae8 25.Be3 Qg6 26.Rxc6 Re4 27.
Qc5 Rd8 28.Rc8 Rxc8 29.Qxc8+ Re8 30.Qxa6 Re6 31.Qa8+ Re8 32.Qf3 Qc2 33.Qe2
Qg6 34.h3 Nd5 35.Qb5 Rd8 36.Rd1 Qe4 37.a4 Kh7 38.Qd3 1-0

[Event "16th EUR-ch"]
[Site "Jerusalem ISR"]
[Date "2015.02.24"]
[Round "1"]
[White "Moiseenko, Alexander"]
[Black "Belokopyt, Boris"]
[Result "1-0"]
[WhiteElo "2695"]
[BlackElo "1956"]
[EventDate "2015.02.24"]
[PlyCount "67"]

1.d4 d5 2.c4 e6 3.Nc3 Nf6 4.cxd5 exd5 5.Bg5 Be7 6.e3 c6 7.Bd3 h6 8.Bh4 O-O
9.Qc2 Nbd7 10.Nge2 c5 11.O-O c4 12.Bf5 Nb6 13.f3 Re8 14.Rae1 Bxf5 15.Qxf5 
g6 16.Qc2 Nh5 17.Bxe7 Rxe7 18.e4 Qd7 19.Qd2 Kh7 20.e5 Rae8 21.g4 Ng7 22.h3
Na4 23.Kh2 Nxc3 24.bxc3 b5 25.f4 h5 26.f5 gxf5 27.gxf5 f6 28.e6 Qd6+ 29.
Nf4 Rg8 30.Kh1 a6 31.Qe2 Kh6 32.Qg2 Nxf5 33.Qxg8 Rg7 34.Qh8+ 1-0

[Event "16th EUR-ch"]
[Site "Jerusalem ISR"]
[Date "2015.02.24"]
[Round "1"]
[White "Kalka, Arkadius Georg"]
[Black "Neverov, Valeriy"]
[Result "0-1"]
[WhiteElo "2389"]
[BlackElo "2485"]
[EventDate "2015.02.24"]
[PlyCount "60"]

1.e4 c5 2.Nf3 e6 3.Nc3 a6 4.d4 cxd4 5.Nxd4 b5 6.Be2 Bb7 7.Bf3 Ne7 8.e5 
Nbc6 9.Bf4 Ng6 10.Bg3 Bb4 11.O-O Bxc3 12.bxc3 O-O 13.a4 bxa4 14.Nxc6 Bxc6 
15.Bxc6 dxc6 16.Rxa4 Qd5 17.c4 Qxd1 18.Rxd1 h5 19.h4 Rfb8 20.Rda1 Rb6 21.
Ra5 Ne7 22.R1a3 Rb2 23.c3 Rc2 24.Bf4 Rb8 25.Be3 Nf5 26.Bc5 Rb1+ 27.Kh2 
Nxh4 28.Rxa6 Rcc1 29.f4 Nf5 30.g3 Rc2+ 0-1

[Event "16th EUR-ch"]
[Site "Jerusalem ISR"]
[Date "2015.02.25"]
[Round "2"]
[White "Matlakov, Maxim"]
[Black "Ter-Sahakyan, Samvel"]
[Result "1/2-1/2"]
[WhiteElo "2695"]
[BlackElo "2580"]
[EventDate "2015.02.24"]
[PlyCount "111"]

1.d4 d5 2.c4 c6 3.Nf3 Nf6 4.e3 e6 5.Bd3 dxc4 6.Bxc4 Nbd7 7.O-O Bd6 8.Nc3 
b5 9.Bb3 b4 10.Na4 Ba6 11.Re1 c5 12.e4 c4 13.Bc2 e5 14.dxe5 Nxe5 15.Bf4 
Qc7 16.Nxe5 Bxe5 17.Bxe5 Qxe5 18.Qd2 O-O 19.Rad1 Rab8 20.h3 Nh5 21.g3 Bb5 
22.Qd6 Rfe8 23.Qxe5 Rxe5 24.Rd4 g6 25.f4 Re7 26.Kf2 Ng7 27.Red1 Ne6 28.Rd5
b3 29.axb3 Bxa4 30.bxa4 Rxb2 31.R1d2 Rc7 32.f5 Nc5 33.f6 h6 34.e5 c3 35.
Re2 Ne6 36.Ke3 h5 37.h4 Rb4 38.Re1 Rg4 39.Rg1 Kh7 40.a5 Kh6 41.Kf2 Rd4 42.
Rd1 Rxd1 43.Rxd1 Rc5 44.Rd7 Rxa5 45.Rxf7 Ra2 46.Ke3 Rxc2 47.Re7 Nf8 48.Re8
Nh7 49.Rh8 Rc1 50.Kd3 c2 51.e6 Re1 52.f7 Kg7 53.Rxh7+ Kxh7 54.f8=Q c1=Q 
55.Qf7+ Kh8 56.Qf8+ 1/2-1/2

[Event "16th EUR-ch"]
[Site "Jerusalem ISR"]
[Date "2015.02.25"]
[Round "2"]
[White "Stefansson, Hannes"]
[Black "Moiseenko, Alexander"]
[Result "1/2-1/2"]
[WhiteElo "2573"]
[BlackElo "2695"]
[EventDate "2015.02.24"]
[PlyCount "50"]

1.d4 Nf6 2.c4 e6 3.Nf3 d5 4.Nc3 Bb4 5.Bg5 Nbd7 6.e3 c5 7.cxd5 exd5 8.dxc5 
Qa5 9.Rc1 Bxc3+ 10.bxc3 O-O 11.Nd4 Ne4 12.Bh4 Re8 13.f3 Nexc5 14.Qd2 Ne5 
15.Be2 Bd7 16.O-O Qa4 17.Rb1 Nc4 18.Bxc4 Qxc4 19.Rb4 Qa6 20.Nb3 b6 21.Rd1 
Be6 22.Nd4 Rac8 23.Nb5 Rc6 24.Bg3 Rd8 25.e4 Rd7 1/2-1/2

[Event "16th EUR-ch"]
[Site "Jerusalem ISR"]
[Date "2015.02.25"]
[Round "2"]
[White "Esen, Baris"]
[Black "Korobov, Anton"]
[Result "0-1"]
[WhiteElo "2571"]
[BlackElo "2687"]
[EventDate "2015.02.24"]
[PlyCount "90"]

1.d4 Nf6 2.c4 e6 3.Nf3 b6 4.a3 Bb7 5.Nc3 d5 6.cxd5 Nxd5 7.Qc2 Nxc3 8.bxc3 
c5 9.e4 Nd7 10.Bd3 Qc7 11.Qb1 Be7 12.O-O O-O 13.Be3 e5 14.Rc1 Kh8 15.Nd2 
Rad8 16.a4 exd4 17.cxd4 Qb8 18.d5 f5 19.f3 fxe4 20.fxe4 Nf6 21.Be2 Qe5 22.
Ra3 c4 23.Rac3 Bd6 24.Nf3 Qxe4 25.Qxe4 Nxe4 26.Rxc4 Nf6 27.a5 Rde8 28.Kf2 
Bxd5 29.axb6 Bxc4 30.Rxc4 h5 31.h3 Ne4+ 32.Rxe4 Rxe4 33.bxa7 Bg3+ 34.Kxg3 
Rxe3 35.Bc4 Ra3 36.Bd5 Rxa7 37.h4 g6 38.Be4 Kg7 39.Ng5 Ra3+ 40.Bf3 Re8 41.
Kf4 Ra4+ 42.Be4 Re7 43.Kf3 Kf6 44.Kf4 Rexe4+ 45.Nxe4+ Ke6 0-1

[Event "16th EUR-ch"]
[Site "Jerusalem ISR"]
[Date "2015.02.25"]
[Round "2"]
[White "Yilmaz, Mustafa"]
[Black "Inarkiev, Ernesto"]
[Result "1/2-1/2"]
[WhiteElo "2570"]
[BlackElo "2675"]
[EventDate "2015.02.24"]
[PlyCount "29"]

1.d4 Nf6 2.c4 e6 3.Nf3 d5 4.g3 Bb4+ 5.Bd2 Be7 6.Bg2 c6 7.Qc2 O-O 8.O-O 
Nbd7 9.Rd1 b6 10.Bf4 Bb7 11.Ne5 Nh5 12.Bd2 Nhf6 13.Bf4 Nh5 14.Bd2 Nhf6 15.
Bf4 1/2-1/2

[Event "16th EUR-ch"]
[Site "Jerusalem ISR"]
[Date "2015.02.25"]
[Round "2"]
[White "Timofeev, Artyom"]
[Black "Laznicka, Viktor"]
[Result "0-1"]
[WhiteElo "2564"]
[BlackElo "2670"]
[EventDate "2015.02.24"]
[PlyCount "94"]

1.e4 c5 2.Nf3 e6 3.d4 cxd4 4.Nxd4 Nc6 5.Nc3 Qc7 6.g3 a6 7.Bg2 Nge7 8.Nb3 
d6 9.O-O g6 10.Be3 Bg7 11.Na4 b5 12.Nb6 Rb8 13.Nxc8 Nxc8 14.c3 Nb6 15.Qe2 
Nc4 16.Bf4 O-O 17.Rad1 Rfd8 18.h4 Qa7 19.h5 a5 20.a3 N6e5 21.Nd4 Rdc8 22.
Nf3 Nxf3+ 23.Bxf3 Qc5 24.Kg2 Be5 25.Bh6 b4 26.axb4 axb4 27.b3 Na5 28.Be3 
Qc6 29.cxb4 Nxb3 30.Qe1 Qc4 31.Rh1 Qxb4 32.Qg1 Rc2 33.hxg6 hxg6 34.Qh2 Qc3
35.Qh7+ Kf8 36.Bh6+ Ke7 37.Bg5+ Bf6 38.Qh4 Nd2 39.Bxf6+ Qxf6 40.Qxf6+ Kxf6
41.Rc1 Rbb2 42.Rxc2 Rxc2 43.Bd1 Rc1 44.f3 Ke5 45.Kf2 Kd4 46.Re1 g5 47.Ke2 
Nb1 0-1

[Event "16th EUR-ch"]
[Site "Jerusalem ISR"]
[Date "2015.02.25"]
[Round "2"]
[White "Sargissian, Gabriel"]
[Black "Zhigalko, Andrey"]
[Result "1/2-1/2"]
[WhiteElo "2668"]
[BlackElo "2572"]
[EventDate "2015.02.24"]
[PlyCount "78"]

1.d4 Nf6 2.c4 g6 3.Nc3 d5 4.cxd5 Nxd5 5.e4 Nxc3 6.bxc3 Bg7 7.Qa4+ Nd7 8.
Nf3 O-O 9.Be2 c5 10.O-O cxd4 11.cxd4 Nc5 12.Qc2 Bg4 13.Rb1 Bxf3 14.dxc5 
Bxe2 15.Qxe2 Qc7 16.Be3 Rfd8 17.Qb5 Rd7 18.Qa4 Rd3 19.Qb5 Rd7 20.Rfd1 
Rxd1+ 21.Rxd1 Rd8 22.Rxd8+ Qxd8 23.h3 Qc8 24.c6 bxc6 25.Qc5 a6 26.Qxe7 Bf8
27.Qe5 c5 28.f4 Qc6 29.Qd5 Qxd5 30.exd5 f5 31.Kf2 Kf7 32.Ke2 c4 33.Bd4 Bb4
34.Be5 Ke7 35.Ke3 Bc5+ 36.Kd2 Bb4+ 37.Ke3 Bc5+ 38.Kd2 Bb4+ 39.Ke3 Bc5+ 
1/2-1/2

[Event "16th EUR-ch"]
[Site "Jerusalem ISR"]
[Date "2015.02.25"]
[Round "2"]
[White "Motylev, Alexander"]
[Black "Hansen, Sune Berg"]
[Result "1-0"]
[WhiteElo "2665"]
[BlackElo "2571"]
[EventDate "2015.02.24"]
[PlyCount "71"]

1.e4 e5 2.Nf3 Nc6 3.Bb5 a6 4.Ba4 Nf6 5.O-O Be7 6.Re1 b5 7.Bb3 d6 8.c3 O-O 
9.h3 Na5 10.Bc2 c5 11.d4 Qc7 12.Nbd2 Be6 13.d5 Bd7 14.Nf1 Nc4 15.b3 Nb6 
16.a4 c4 17.Ba3 cxb3 18.Bxb3 bxa4 19.Ba2 Be8 20.Nxe5 Qxc3 21.Nc6 Bxc6 22.
Re3 Qe5 23.dxc6 Rac8 24.Rb1 Rxc6 25.Bd5 Rfc8 26.Bb2 Qf4 27.Rf3 Qg5 28.Rg3 
Qf4 29.Bxf6 Qxf6 30.Rf3 Qg5 31.Bxc6 Rxc6 32.Rf5 Qh4 33.Qf3 Nd7 34.Rxf7 g6 
35.e5 Nxe5 36.Qd5 1-0